000 00442nam a2200181Ia 4500
005 20230708105355.0
008 131103s9999 xx 000 0 und d
040 _aLoreto College
041 _aEnglish
082 _aF
_bFOL
100 _aFollett,Ken
245 4 _aThe man from St. Petersburg
_cKen Follett
260 _aLondon
_bCorgi Books
_c1982
300 _a410 p.
650 _aFiction in English
850 _aLCLIB
942 _cBK
999 _c14508
_d64987